Statistics for Dead by Daylight trivia

Click here to take the quiz!

General Stats

  • This quiz has been taken 310 times
  • The average score is 29 of 35

Answer Stats

QuestionAnswer% Correct
Which killer uses a gun?Deathslinger
97%
Which of these items is not included in the game for survivors to use?Bats
95%
What is the map that came to Dead by Daylight from Netflix's 'Stranger Things'?Hawkins Underground Laboratory
95%
What is the being causing the events of the game to take place?The Entity
95%
How many perks can players equip at once?4
94%
Which of these killers does not have eyes?Demogorgon
94%
What is the Wraith's power called?The Wailing Bell
94%
What is the currency gained after games in Dead by Daylight called?Bloodpoints
93%
Which Killer was released first?Trapper
93%
Which survivor is a botanist?Claudette Morel
92%
Which killer coughs a lot?Clown
92%
Which Killer can teleport?Nurse
90%
Which of these Killers cannot set traps in any capacity?Trickster
90%
Why did Hillbilly become a Killer?His parents abused him
88%
Which survivor won a race with a fractured ankle?Meg Thomas
88%
Which Survivor's perks revolve around luck?Ace Visconti
87%
Which of these is not a name of a member of the Legion?Jason
87%
What is the Hag's real name?Lisa Sherwood
86%
Which of these Killers' DLC did NOT feature a new survivor or map?Ghostface
84%
Which of these perks is NOT an exhaustion perk?No Mither
84%
Which killer makes music?Trickster
83%
Which character is known for hiding in lockers?Dwight Fairfield
82%
What are the games you play referred to as?Trials
82%
Which Survivor's DLC did NOT feature a new killer or map?Ash Williams
81%
Who was the first Killer from a movie to be included in the game?Michael Myers
81%
Which Survivor was the first to be given voice lines other than screaming?Ash Williams
78%
Which of these perks comes from the Killer called The Twins?Oppression
77%
Which survivor chose to live in the wilderness?Jake Park
76%
How many ways can a Survivor successfully escape the Killer?2
75%
Which Killer was reworked due to the license owner not liking how bad the Killer played?Freddy Kreuger
75%
Which is not a feature in Dead by Daylight?Climbing walls
73%
Which perk does the following: "Your presence alone instils great fear. Survivors within your Terror Radius suffer from inefficiency. When using an Item, its Depletion rate is increased by 80/90/100 %.Overwhelming Presence
61%
Where is Nea from?Sweden
57%
Which survivor moved to Japan? (Not born there)Adam Francis
46%
What was the original name of the Killers?Slashers
29%

Score Distribution

Percentile by Number Answered

Percent of People with Each Score

Your Score History

You have not taken this quiz